|
|
|
|
| LEADER |
00000nam0a2200000 4500 |
| 001 |
58851 |
| 005 |
20231031055411.0 |
| 035 |
|
|
|a (RuTPU)RU\TPU\book\62183
|
| 090 |
|
|
|a 58851
|
| 100 |
|
|
|a 20031209d2003 k y0rusy50 ca
|
| 101 |
0 |
|
|a rus
|
| 102 |
|
|
|a RU
|
| 105 |
|
|
|a a z 111zy
|
| 200 |
1 |
|
|a Электроэнергетика, электротехнические системы и комплексы
|e Материалы международной научно-технической конференции, Томск, 3-5 сентября 2003 г.
|f Томский политехнический университет; Сибирское отделение РАН
|
| 210 |
|
|
|a Томск
|c Изд-во ТПУ
|d 2003
|
| 215 |
|
|
|a 323 с.
|c ил.
|
| 300 |
|
|
|a Посвящ. 100-летию электротехнического образования Сибири
|
| 320 |
|
|
|a Участники конференции: с. 323-325
|
| 610 |
1 |
|
|a электротехника
|
| 610 |
1 |
|
|a электромеханика
|
| 610 |
1 |
|
|a электротехнические системы
|
| 610 |
1 |
|
|a энергетика
|
| 610 |
1 |
|
|a электротехнические изделия
|
| 610 |
1 |
|
|a электротехнические материалы
|
| 610 |
1 |
|
|a электротехнические комплексы
|
| 610 |
1 |
|
|a электротехнология
|
| 610 |
1 |
|
|a электроэнергетические установки
|
| 610 |
1 |
|
|a энергосбережение
|
| 610 |
1 |
|
|a энергетическая безопасность
|
| 610 |
1 |
|
|a подготовка специалистов
|
| 610 |
1 |
|
|a кадры
|
| 610 |
1 |
|
|a переподготовка
|
| 610 |
1 |
|
|a конференции
|
| 610 |
1 |
|
|a Томск
|
| 675 |
|
|
|a 621.3(063)
|v 3
|
| 675 |
|
|
|a 620.9(063)
|v 3
|
| 712 |
1 |
2 |
|a Электроэнергетика, электротехнические системы и комплексы
|b международная научно-техническая конференция
|e Томск
|f 2003
|
| 712 |
0 |
2 |
|a Томский политехнический университет
|2 stltpush
|3 (RuTPU)RU\TPU\col\376
|
| 712 |
0 |
2 |
|a Российская академия наук (РАН)
|b Сибирское отделение (СО)
|b Институт сильноточной электроники (ИСЭ)
|c (Томск)
|2 stltpush
|3 (RuTPU)RU\TPU\col\1124
|
| 712 |
0 |
2 |
|a Томский государственный университет систем управления и радиоэлектроники (ТУСУР)
|b Научно-исследовательский институт автоматики и электромеханики (НИИ АЭМ)
|2 stltpush
|3 (RuTPU)RU\TPU\col\14443
|
| 801 |
|
1 |
|a RU
|b 63413507
|c 20031209
|g PSBO
|
| 801 |
|
2 |
|a RU
|b 63413507
|c 20090421
|g PSBO
|
| 942 |
|
|
|c BK
|